000 00423ntaaa2200181 4500
003 01
005 20251027202705.0
008 0714s1973 ag 01
040 _aAR-BaBN
_bspa
_cAR-BaBN
_eaacr
_dRIC
082 _a468.0000 H87
100 _aHugo
245 _aSpanish simplified
250 _a1 ed.
260 _aLondon :
_bHugo's Language Institute,
_cs.f.
300 _a96 p
650 _acastellano-texto
942 _cBK
999 _c22062
_d22062